Catalogue of paintings by Joaquín Sorolla y Bastida (Record no. 5077)

MARC details
000 -CABECERA
campo de control de longitud fija 01007nam a2200253 a 4500
001 - NÚMERO DE CONTROL
campo de control BRCA_5383
005 - FECHA Y HORA DE LA ÚLTIMA TRANSACCIÓN
campo de control 20190320205044.0
008 - DATOS DE LONGITUD FIJA--INFORMACIÓN GENERAL
campo de control de longitud fija 741007s1909 nyua######---#000-0#eng-#
041 ## - CÓDIGO DE LENGUA
Código de lengua del texto/banda sonora o título independiente eng
044 ## - CÓDIGO DEL PAÍS DE LA ENTIDAD EDITORA/PRODUCTORA
Código MARC del país nyu
050 #4 - SIGNATURA TOPOGRÁFICA DE LA BIBLIOTECA DEL CONGRESO
Número de clasificación ND813
Número de documento/Ítem .C38 1909
245 10 - MENCIÓN DE TÍTULO
Título Catalogue of paintings by Joaquín Sorolla y Bastida
Resto del título exhibited by the Hispanic society of America, February 8 to March 8, 1909
Mención de responsabilidad, etc. with introduction by Leonard Williams.
260 ## - PUBLICACIÓN, DISTRIBUCIÓN, ETC.
Lugar de publicación, distribución, etc. Nueva York
Nombre del editor, distribuidor, etc. The Hispanic Society of America
Fecha de publicación, distribución, etc. 1909
300 ## - DESCRIPCIÓN FÍSICA
Extensión 154 p.
Otras características físicas il., 63 láminas
Dimensiones 20 cm.
500 ## - NOTA GENERAL
Nota general Estado físico: Tapas desprendidas, lomo deteriorado
500 ## - NOTA GENERAL
Nota general Catálogo de pinturas de Joaquín Sorolla y Bastida exhibidas por The Hispanic Society of America (Nueva York), 8 febrero - 8 marzo, 1909
500 ## - NOTA GENERAL
Nota general M17
600 14 - PUNTO DE ACCESO ADICIONAL DE MATERIA--NOMBRE DE PERSONA
Nombre de persona Sorolla, Joaquín
Fechas asociadas al nombre 1863-1923
9 (RLIN) 11937
650 14 - PUNTO DE ACCESO ADICIONAL DE MATERIA--TÉRMINO DE MATERIA
Término de materia o nombre geográfico como elemento de entrada Pintores españoles
9 (RLIN) 7620
650 14 - PUNTO DE ACCESO ADICIONAL DE MATERIA--TÉRMINO DE MATERIA
Término de materia o nombre geográfico como elemento de entrada Galerías y museos
Subdivisión geográfica Estados Unidos
9 (RLIN) 7437
700 1# - PUNTO DE ACCESO ADICIONAL--NOMBRE DE PERSONA
Nombre de persona Williams, Leonard
9 (RLIN) 13189
902 ## - CATALOGADOR
Iniciales GFM
942 ## - ELEMENTOS DE PUNTO DE ACCESO ADICIONAL (KOHA)
Fuente del sistema de clasificación o colocación Library of Congress Classification
Tipo de ítem Koha Libros
Holdings
Estado de retiro Estado de pérdida Estado dañado No para préstamo Localización permanente Ubicación/localización actual Fecha de adquisición Número de inventario Total de préstamos Signatura topográfica completa Código de barras Fecha visto por última vez Precio válido a partir de Tipo de ítem Koha
El ejemplar forma parte de la colección y puede ser consultado según las políticas vigentes.       Biblioteca del Museo Franz Mayer (Rogerio Casas-Alatriste) Biblioteca del Museo Franz Mayer (Rogerio Casas-Alatriste) 09/12/2010 M17   ND813 .C38 1909 (M17) 5818 22/03/2019 22/03/2019 Libros